00589nam a2200169Ia 4500003000900000008004100009040001600050080002300066110003300089245015500122260005000277300000900327500001900336650002500355650001800380650002100398IN-BaIIA211028s9999 xx 000 0 eng d cIIA Library a083.7:621.874bISI aIndian Standards Institution 0aIndian standard code of practice for design of overhead travelling cranes and gantry cranes other than steel work cranescIndian Standards Institution aNew DelhibIndian Standards Institutionc1965 a40p. aIS 3177 : 1965 a Cranes - standards a Standards  aNASA thesaurus